| 000 | 00347 a2200157 4500 | ||
|---|---|---|---|
| 001 | 15691 | ||
| 020 | _a9788567242057 | ||
| 040 | _cAnchieta - Bela Vista | ||
| 100 | _aYoussef, Maria da Penha Bertoldi | ||
| 240 | 1 | 0 |
_aCombate a dengue _lpor |
| 245 | 1 | 0 | _aCombate a dengue |
| 300 | _a31 | ||
| 362 | 0 | _a2013 | |
| 650 | 4 | _aEducação | |
| 942 | _cBK | ||
| 999 |
_c15691 _d15691 |
||